MARC details
| 000 -LEADER |
| fixed length control field |
03348cad a22004215a 4500 |
| 001 - CONTROL NUMBER |
| control field |
L145123 |
| 008 - FIXED-LENGTH DATA ELEMENTS--GENERAL INFORMATION |
| fixed length control field |
080909e20080111xxk f v 000 0 eng d |
| 035 ## - SYSTEM CONTROL NUMBER |
| System control number |
(Sirsi) u145123 |
| 041 0# - LANGUAGE CODE |
| Language code of text/sound track or separate title |
eng |
| 245 00 - TITLE STATEMENT |
| Title |
Biffa Waste Services Limited Biffa Leicester Limited v Maschinenfabrik Ernst Hese GMBH Outokumpu Technology Wenmec AB and Vanguard Industrial Limited (Trading as Pickfords Vanguard) (in voluntary liquidation) and Hese Umwelt GMBH |
| Medium |
[electronic resource] |
| 260 ## - PUBLICATION, DISTRIBUTION, ETC. |
| Date of publication, distribution, etc. |
2008 |
| 520 ## - SUMMARY, ETC. |
| Summary, etc. |
[2008] EWHC 6 (TCC), 11 January 2008. The case concerns liability for losses due to delay resulting from a fire which occurred during the construction of a waste recycling plant. Biffa (B) contracted with Maschinenfabrik Ernst Hese GmbH (M) to design and build a waste recycling plant under a "Design and Build Deed". M subcontracted the supply of the plant to the second defendant (O). (M) also subcontracted the work to Hese Umwelt GMBH (H). H contracted with O for O to design, supply and install the ball mill. O engaged personnel from Vanguard Industrial Limited (Trading as Pickfords Vanguard) (P) to provide materials and carry out repairs in the plant. P's welders caused a fire, which brought damages to the plant. M was in breach of the direct agreement. The words in clause 47.1 provided a complete remedy for damages due to delay in completing the work on time. B could not recover its mitigation costs to avoid the delay. O owed B and M a duty of care in relation to loss for delay, because the fire resulted from O's negligence. O was liable for the negligence of P's personnel which contributed to the fire. O was under a duty of care to B and M for damage caused by fire. O could not delegate this extra-hazardous activity to P. M was also liable to B for H's negligence in carrying out the works. |
| 590 ## - LOCAL NOTE (RLIN) |
| Local note |
KA |
| 650 24 - SUBJECT ADDED ENTRY--TOPICAL TERM |
| Topical term or geographic name entry element |
ALFRED MCALPINE CONSTRUCTION LTD V PANATOWN LTD |
| 650 24 - SUBJECT ADDED ENTRY--TOPICAL TERM |
| Topical term or geographic name entry element |
BIFFA WASTE SERVICES LTD & ANOR V MASCHINENFABRIK ERNST HESE GMBH & ORS |
| 650 24 - SUBJECT ADDED ENTRY--TOPICAL TERM |
| Topical term or geographic name entry element |
BRITISH TELECOMMUNICATIONS PLC V JAMES THOMSON AND SONS (ENGINEERS) LTD |
| 650 24 - SUBJECT ADDED ENTRY--TOPICAL TERM |
| Topical term or geographic name entry element |
CENTRAL TRUST CO V RAFUSE |
| 650 24 - SUBJECT ADDED ENTRY--TOPICAL TERM |
| Topical term or geographic name entry element |
WISNIEWSKI V CENTRAL MANCHESTER HEALTH AUTHORITY |
| 650 24 - SUBJECT ADDED ENTRY--TOPICAL TERM |
| Topical term or geographic name entry element |
TEMLOC LTD V ERRILL PROPERTIES LTD |
| 650 24 - SUBJECT ADDED ENTRY--TOPICAL TERM |
| Topical term or geographic name entry element |
WILLIAM HILL ORGANISATION LTD V BERNARD SUNLEY |
| 650 24 - SUBJECT ADDED ENTRY--TOPICAL TERM |
| Topical term or geographic name entry element |
TAI HING COTTON MILL LTD V LIU CHONG HING BANK LTD |
| 650 24 - SUBJECT ADDED ENTRY--TOPICAL TERM |
| Topical term or geographic name entry element |
SURREY HEATH BOROUGH COUNCIL V LOVELL CONSTRUCTION LTD |
| 650 24 - SUBJECT ADDED ENTRY--TOPICAL TERM |
| Topical term or geographic name entry element |
SIMAAN GENERAL CONTRACTING CO V PILKINGTON GLASS LTD |
| 650 24 - SUBJECT ADDED ENTRY--TOPICAL TERM |
| Topical term or geographic name entry element |
PIGGOTT FOUNDATIONS LTD V SHEPHERD CONSTRUCTION LTD |
| 650 24 - SUBJECT ADDED ENTRY--TOPICAL TERM |
| Topical term or geographic name entry element |
NORWICH CITY COUNCIL V HARVEY |
| 650 24 - SUBJECT ADDED ENTRY--TOPICAL TERM |
| Topical term or geographic name entry element |
MURPHY V BRENTWOOD DC |
| 650 24 - SUBJECT ADDED ENTRY--TOPICAL TERM |
| Topical term or geographic name entry element |
MIDLAND BANK TRUST CO LTD V HETT STUBBS & KEMP |
| 650 24 - SUBJECT ADDED ENTRY--TOPICAL TERM |
| Topical term or geographic name entry element |
MCALPINE CONSTRUCTION V PANATOWN |
| 650 24 - SUBJECT ADDED ENTRY--TOPICAL TERM |
| Topical term or geographic name entry element |
MARGARINE UNION GMBH V CAMBAY PRINCE STEAMSHIP CO LTD |
| 650 24 - SUBJECT ADDED ENTRY--TOPICAL TERM |
| Topical term or geographic name entry element |
MARC RICH & CO A G V BISHOP ROCK MARINE CO LTD |
| 650 24 - SUBJECT ADDED ENTRY--TOPICAL TERM |
| Topical term or geographic name entry element |
LEIGH AND SILLAVAN LTD V ALIAKMON SHIPPING COMPANY |
| 650 24 - SUBJECT ADDED ENTRY--TOPICAL TERM |
| Topical term or geographic name entry element |
CO-OPERATIVE RETAIL SERVICES LTD V TAYLOR YOUNG PARTNERSHIP |
| 650 24 - SUBJECT ADDED ENTRY--TOPICAL TERM |
| Topical term or geographic name entry element |
HENDERSON V MERRETT SYNDICATES LTD |
| 651 #4 - SUBJECT ADDED ENTRY--GEOGRAPHIC NAME |
| Geographic name |
England and Wales |
| Chronological subdivision |
1543- |
| 690 ## - LOCAL SUBJECT ADDED ENTRY--TOPICAL TERM (OCLC, RLIN) |
| Topical term or geographic name as entry element |
BUILT ENVIRONMENT-CONSTRUCTION MANAGEMENT-BUILDING CONTRACT ADMINISTRATION |
| 856 40 - ELECTRONIC LOCATION AND ACCESS |
| Uniform Resource Identifier |
<a href="https://www.bailii.org/ew/cases/EWHC/TCC/2008/6.html">https://www.bailii.org/ew/cases/EWHC/TCC/2008/6.html</a> |
| Public note |
View the case free of charge at www.bailli.org... |
| 942 ## - ADDED ENTRY ELEMENTS (KOHA) |
| Suppress in OPAC |
0 |